245 (Record no. 535123)
[ view plain ]
| 000 -LEADER | |
|---|---|
| fixed length control field | 00483nam a2200253Ia 4500 |
| 000 - LEADER | |
| fixed length control field | 0 |
| 008 - FIXED-LENGTH DATA ELEMENTS--GENERAL INFORMATION | |
| fixed length control field | 200829s9999 xx 000 0 und d |
| 020 ## - INTERNATIONAL STANDARD BOOK NUMBER | |
| International Standard Book Number | 020 |
| -- | |
| 040 ## - CATALOGING SOURCE | |
| Transcribing agency | 040 |
| -- | |
| 082 ## - DEWEY DECIMAL CLASSIFICATION NUMBER | |
| Classification number | 082 |
| -- | |
| 082 ## - DEWEY DECIMAL CLASSIFICATION NUMBER | |
| Author Mark | 082 |
| -- | |
| 100 ## - MAIN ENTRY--PERSONAL NAME | |
| Personal name | 100 |
| -- | |
| 9 (RLIN) | 29579 |
| 245 ## - TITLE STATEMENT | |
| Title | 245 |
| -- | |
| 245 ## - TITLE STATEMENT | |
| Remainder of title | 245 |
| -- | |
| 245 ## - TITLE STATEMENT | |
| Statement of responsibility, etc. | 245 |
| -- | |
| 250 ## - EDITION STATEMENT | |
| Edition statement | 250 |
| -- | |
| 260 ## - PUBLICATION, DISTRIBUTION, ETC. | |
| Place of publication, distribution, etc. | 260 |
| -- | |
| 260 ## - PUBLICATION, DISTRIBUTION, ETC. | |
| Name of publisher, distributor, etc. | 260 |
| -- | |
| 260 ## - PUBLICATION, DISTRIBUTION, ETC. | |
| Date of publication, distribution, etc. | 260 |
| -- | |
| 300 ## - PHYSICAL DESCRIPTION | |
| Extent | 300 |
| -- | |
| 300 ## - PHYSICAL DESCRIPTION | |
| Other physical details | 300 |
| -- | |
| 300 ## - PHYSICAL DESCRIPTION | |
| Dimensions | 300 |
| -- | |
| 942 ## - ADDED ENTRY ELEMENTS (KOHA) | |
| Koha item type | |
| -- | |
| Withdrawn status | Lost status | Damaged status | Not for loan | Total Checkouts | Date last seen | Price effective from | Koha item type | Date acquired | Cost, normal purchase price | Full call number |
|---|---|---|---|---|---|---|---|---|---|---|
| 08/29/2020 | 08/29/2020 | |||||||||
| 08/29/2020 | 08/29/2020 | 08/29/2020 | 952.00 | |||||||
| 08/29/2020 | 08/29/2020 | 08/29/2020 | 952 |
